00327nam a2200133Ia 4500008004100000020001800041041000800059082001500067100002000082245003100102250001800133260003500151300000700186230718s2005 xx 000 0 und d a81-88511-32-3 aeng a617.735075 aK.Chandra Mohan aRetinal Vascular Disorders aFirst Edition bAcadema Publishers Delhic2005 a90